NLSUI OPAC header image

Crime and punishment : A concise moral critique (Record no. 41032)

MARC details
000 -LEADER
fixed length control field 01189nam a2200217Ia 4500
003 - CONTROL NUMBER IDENTIFIER
control field OSt
005 - DATE AND TIME OF LATEST TRANSACTION
control field 20201001124552.0
008 - FIXED-LENGTH DATA ELEMENTS--GENERAL INFORMATION
fixed length control field 160316s2015 xxu||||| |||| 00| 0 eng d
020 ## - INTERNATIONAL STANDARD BOOK NUMBER
International Standard Book Number 9780198738091
040 ## - CATALOGING SOURCE
Transcribing agency nls
082 ## - DEWEY DECIMAL CLASSIFICATION NUMBER
Classification number 364.941000
Item number GRO
100 ## - MAIN ENTRY--PERSONAL NAME
Personal name Gross Hyman
245 ## - TITLE STATEMENT
Title Crime and punishment : A concise moral critique
260 ## - PUBLICATION, DISTRIBUTION, ETC.
Place of publication, distribution, etc. Oxford
Name of publisher, distributor, etc. Oxford University Press
Date of publication, distribution, etc. 2015
300 ## - PHYSICAL DESCRIPTION
Extent 219p
Dimensions xi
365 ## - TRADE PRICE
Price amount Rs. 1,737
505 ## - FORMATTED CONTENTS NOTE
Formatted contents note Table of contents<br/>Preface ; Introduction ; 1. Crime and Impunity ; 2. Sufficiently Good Reason ; 3. Taking Human Rights Seriously ; 4. Crimes as Pretexts for Improvement ; 5. Crimes as Demands for a Remedy ; 6. Punishment and Injustice ; 7. Crime, Harm, and Moral Wrong ; 8. Criminal Conduct and Its Culpability ; 9. More About Culpability ; 10. Psychoculpability ; 11. Persons and Choices ; 12. Consoling Fictions ; 13. Guilt and Convictability ; 14. The Decline of Punishment ; Postscript: Reconceiving Response to Crime ; Notes ; Some Further References
650 ## - SUBJECT ADDED ENTRY--TOPICAL TERM
Topical term or geographic name entry element 1. Punishment - Moral & Ethical Aspects - U S A - U K 2. Criminal Justice - Administration Of 3. Punishment - Philosophy
700 ## - ADDED ENTRY--PERSONAL NAME
Personal name
--
942 ## - ADDED ENTRY ELEMENTS (KOHA)
Source of classification or shelving scheme Dewey Decimal Classification
Koha item type BOOKs
Holdings
Withdrawn status Lost status Damaged status Not for loan Home library Current library Shelving location Date acquired Cost, normal purchase price Total Checkouts Total Renewals Full call number Barcode Date last seen Date last checked out Price effective from Koha item type
        NLS NLS   30/05/2017 1737.00 3 1 364.941 GRO 34595 17/07/2025 13/07/2025 30/05/2017 BOOKs